00299nam a2200121Ia 4500008004100000041000800041082001500049100001700064245002200081260003800103300002900141365000700170240624s9999 xx 000 0 und d aeng a368.32 JAW aJAWAHARLAL U aLIFE INSURANCE II c2003aHyderabadbICFAI University av, : 202 : p. : cm. ; 23 cRS